Special education/ (Record no. 193302)

MARC details
000 -LEADER
fixed length control field 00571nam a22001817a 4500
005 - DATE AND TIME OF LATEST TRANSACTION
control field 20221020112717.0
010 ## - LCCN (DPL NO)
LC control number ENG-135506
020 ## - INTERNATIONAL STANDARD BOOK NUMBER
International Standard Book Number 9789382730637
Terms of availability 1395.00
035 ## - SYSTEM CONTROL NUMBER
System control number EN-119038
037 ## - SOURCE OF ACQUISITION
Source of stock number/acquisition DBAD/PUB
082 ## - DEWEY DECIMAL CLASSIFICATION NUMBER
Classification number 370
100 ## - MAIN ENTRY--PERSONAL NAME
Personal name Tambe, Shashikant L.
245 ## - TITLE STATEMENT
Title Special education/
Statement of responsibility, etc Shashikant L. Tambe
260 ## - PUBLICATION, DISTRIBUTION, ETC. (IMPRINT)
Place of publication, distribution, etc kanpur
Name of publisher, distributor, etc Garima prakashan
Date of publication, distribution, etc 2018
270 ## - ADDRESS
Address Ist floor, mayur park basant vihar, Naubasta
City kanpur
Postal code 208021
Telephone number 0512-2634444
Electronic mail address garima.prakashan@gmail.com
300 ## - PHYSICAL DESCRIPTION
Extent 328p.
Dimensions 22cm(hbk)
942 ## - ADDED ENTRY ELEMENTS (KOHA)
Source of classification or shelving scheme Dewey Decimal Classification
Item type English Books
Call number suffix TAM
Classification part 370
Holdings
Withdrawn status Lost status Not for loan Collection code Home library Current library Date acquired Source of acquisition Cost, normal purchase price Full call number Barcode Copy number Cost, replacement price Koha item type
      Non-fiction Community Library Lodhi Road Community Library Lodhi Road 20/10/2022 DBAD/PUB 1395.00 370 TAM EN-119038 1 1395.00 English Books

© Delhi Public Library
Hit Counter
free hit counter